000
00321nam a22001457a 4500
999
_c
257800
_d
257799
003
OSt
005
20190925114746.0
008
190925b xxu||||| |||| 00| 0 eng d
022
_2
9781551119724
040
_c
N/A
100
_a
Andrew Bailey et al
245
_a
First Philosophy
250
_a
2nd ed
942
_2
lcc
_c
BK